000 00673nam a22002297a 4500
999 _c9138
_d9138
003 AR-CdUCM
008 190327b ||||| |||| 00| 0 spa d
020 _a978-989-51-0935-7
040 _aMUNICIPALIDAD PROVINCIAL DEL CUSCO
_cBIBLIOTECA MUNICIPAL DEL CUSCO
041 _hpor
082 _a868.9 /
_bAL49
100 _aAlves Gastal, Homero Luís
_925172
245 _aContos de fora e da cidade /
260 _aBrasil :
_bChiado editora,
_c2014.
300 _a220 páginas ;
_c22 cm.
500 _aDedicatoria
505 _aContos (cuentos)
650 _aLiteratura brasileña
_92733
650 _aCuentos brasileños
_913830
942 _2ddc
_cLIBROS
945 _aacv